Pulp fiction

Saved in:
Bibliographic Details
Main Author Polan, Dana B., 1953- (Author)
Format Book
LanguageCzech
Published Praha : Casablanca, 2007
EditionVyd. 1.
SeriesModerní film
Subjects
ISBN9788090375635
Physical Description109 s. : il. (převážně barev.) ; 19 cm

Cover

LEADER 00000cam a2200000 a 4500
001 37238
003 CZ-ZlUTB
005 20190826000851.0
007 ta
008 070629s2007 xr a f 000 0 cze
020 |a 9788090375635  |q (brož.) 
040 |a BOA001  |b cze  |d ABA001  |d ZLD002 
041 1 |a cze  |h eng 
043 |a n-us--- 
045 |a x9x9 
072 7 |a 791  |x Film. Cirkus. Lidová zábava  |2 Konspekt  |9 3 
080 |a 791.2  |2 MRF 
080 |a (73)  |2 MRF 
080 |a (048.8)  |2 MRF 
100 1 |a Polan, Dana B.,  |d 1953-  |7 xx0064581  |4 aut 
245 1 0 |a Pulp fiction /  |c Dana Polan ; [z anglického originálu přeložila Denisa Šmejkalová] 
250 |a Vyd. 1. 
260 |a Praha :  |b Casablanca,  |c 2007 
300 |a 109 s. :  |b il. (převážně barev.) ;  |c 19 cm 
490 1 |a Moderní film ;  |v sv. 1 
504 |a Obsahuje bibliografii a bibliografické odkazy 
600 1 7 |a Tarantino, Quentin,  |d 1963-  |7 jn20000701779  |2 czenas 
630 0 7 |a Pulp fiction.  |p Historky z podsvětí  |7 unn2006375178  |2 czenas 
630 0 9 |a Pulp fiction (motion picture)  |2 eczenas 
650 0 7 |a filmy  |7 ph120215  |z Spojené státy americké  |2 czenas 
650 0 9 |a films  |z United States  |2 eczenas 
655 7 |a studie  |7 fd133597  |2 czenas 
655 9 |a studies  |2 eczenas 
830 0 |a Moderní film  |0 s 
910 |a ZLD002 
952 |0 0  |1 0  |4 0  |6 778POLAND  |7 0  |8 BOOK  |9 83125  |a UTBZL  |b UTBZL  |c 005  |d 2008-05-22  |l 0  |o 778/POLAN,D.  |p 420010117009  |r 2019-08-26 00:00:00  |v 179.00  |w 2019-08-26  |x N:nákup; | 20100831  |y 01 
952 |0 0  |1 0  |4 0  |6 778POLAND  |7 0  |8 BOOK  |9 83126  |a UTBZL  |b UTBZL  |c 006  |d 2008-05-22  |l 12  |o 778/POLAN,D.  |p 420010117010  |r 2019-08-26 00:00:00  |v 179.00  |w 2019-08-26  |x N:nákup; | 20100831  |y 04 
952 |0 0  |1 0  |4 0  |6 778POLAND  |7 0  |8 BOOK  |9 83127  |a UTBZL  |b UTBZL  |c 006  |d 2011-03-10  |l 1  |o 778/POLAN,D.  |p 420010137107  |r 2019-08-26 00:00:00  |v 179.00  |w 2019-08-26  |x N:nákup, převod z FMK Soukalová 14.3.2016  |y 04 
992 |a BK  |b SK  |d 13 
999 |c 37238  |d 37238